| 000 | 01693naa a22004217u 4500 | ||
|---|---|---|---|
| 001 | 04108 | ||
| 003 | HDC | ||
| 007 | cr bn ---aaaaa | ||
| 008 | 210115t2003 flu 000 0 eng | ||
| 010 | _a2002069361 | ||
| 020 | _a1566705940 (alk. paper) | ||
| 040 | _aHDC | ||
| 100 |
_aPimentel, D. _eauthor _94198 |
||
| 245 | 0 |
_aFood security and environmental quality in the developing world : Chapter 8: _bEnergy Inputs in Crop Production in Developing and Developed Countries / _cby D. Pimentel, R. Doughty, C. Carothers, S. Lamberson, N. Bora and K. Lee ; foreword by Lester R. Brown. |
|
| 260 |
_aBoca Raton, Fla. : _bLewis Publishers/CRC Press, _c2003 |
||
| 300 |
_a4 pages : _billustrations, maps |
||
| 336 |
_atext _2rdacontent |
||
| 337 |
_acomputer _2rdamedia |
||
| 338 |
_aonline resource _2rdacarrier |
||
| 500 | _aOriginal from book | ||
| 504 | _aIncludes bibliographical references and index. | ||
| 650 |
_aAgriculture _xEnvironmental aspects _zDeveloping countries. _94157 |
||
| 650 |
_aFood security _94086 |
||
| 650 |
_aFood supply _zDeveloping countries. _94156 |
||
| 700 |
_aBora, N. _eauthor _94202 |
||
| 700 |
_aCarothers,C. _eauthor _94200 |
||
| 700 |
_aDoughty, R. _eauthor _94199 |
||
| 700 |
_aHansen, David _eauthor _94181 |
||
| 700 |
_aLal, R. _93407 _eauthor |
||
| 700 |
_aLamberson,S. _eauthor _94201 |
||
| 700 |
_aLee, K. _eauthor _94203 |
||
| 700 |
_aSlack,Steven _eauthor _94182 |
||
| 700 |
_aUphoff,Norman _eauthor _93487 |
||
| 856 | _zRequest full-text at [email protected] | ||
| 942 | _2lcc | ||
| 942 | _cCHAP | ||
| 942 | _kEBCH 003359 | ||
| 999 |
_c1433 _d1433 |
||